Legalny hazard w Polsce - Statystyki

Ogólne statystyki
  • Ten quiz został rozwiązany 16 razy
  • Średni wynik to 6 z 20
Statystyki odpowiedzi
Nazwa Kontynuacja nazwy % Poprawnych
BEM/Betclic Operations Limited
75%
Fortuna Online Zakłady Bukmacherskie Sp. z o.o.
75%
Totalizator Sportowy/Lotto Sp. z o.o.
75%
STS S.A.
69%
SUPERBET Zakłady Bukmacherskie Sp. z o.o.
63%
Totalizator Sportowy/Total Casino Sp. z o.o.
44%
Betfan Sp. z o.o.
38%
E-TOTO Zakłady Bukmacherskie Sp. z o.o.
25%
LV BET Zakłady Bukmacherskie Sp. z o.o.
19%
Silesia/Betters Entertaiment Sp. z o.o.
19%
TOTALBET Zakłady Bukmacherskie Sp. z o.o.
19%
Bukmacherska/Fuksiarz Sp. z o.o.
13%
FUN/Lebull Sp. z o.o.
13%
FORBET Zakłady Bukmacherskie Sp. z o.o.
6%
Betcris Polska Sp. z o.o.
0%
Cherry Online Polska Sp. z o.o.
0%
GOBET Sp. z o.o.
0%
NOVOBET/ADMIRALBET Sp. z o.o.
0%
Traf - Zakłady Wzajemne Sp. z o.o.
0%
Wett Arena Polska Sp. z o.o.
0%
Nie znaleziono quizów pasujących do podanych kryteriów
Rozkład punktacji
Procent ludzi z każdym wynikiem
Percentyl według liczby udzielonych odpowiedzi
Twoja historia wyników
Nie rozwiązałeś tego quizu